000 00360nam a2200145Ia 4500
005 20240807062239.0
008 240806s9999||||xx |||||||||||||| ||eng||
041 _aeng
100 _aMatsyendra Shukla
245 0 _aJanmat & anya kahaniya /
_cMatsyendra Shukla
260 _bVibhor Prakashan All.
300 _a256
650 _aGeneral Studies
942 _cBK
999 _c13015
_d13015